Bowser's Fury Cat Shines - Statistics

General Stats
  • This quiz has been taken 26 times
  • The average score is 48 of 100
Answer Stats
Area Cat Shine % Correct
Clawswipe Colosseum | Crisp Climb Castle | Fort Flaptrap | +9 others Blast The Fury Blocks
92%
Pipe Path Tower | Pounce Bounce Isle | Roiling Roller Isle | +2 others Key To The Cat Shine
67%
Crisp Climb Castle | Fur Step Island | Pipe Path Tower | +4 others Make The Lighthouse Shine
67%
Fort Flaptrap | Pipe Path Tower | Slipskate Slope | Trickity Tower Blue Coin Bustle
58%
Lucky Isle First Lucky Shine
58%
Clawswipe Colosseum | Crisp Climb Castle | Fort Flaptrap | +9 others Five Cat Shine Shards
58%
Mount Magmeow Back Off, Cat Prince Bully!
50%
Fort Flaptrap Bully The Cat Bullies
50%
Lucky Isle Fifth Lucky Shine
50%
Clawswipe Colosseum Final Bout With Cat Boom Boom
50%
Lucky Isle Fourth Lucky Shine
50%
Scamper Shores Fury Shadow By The Shore
50%
Lucky Isle Second Lucky Shine
50%
Lucky Isle Third Lucky Shine
50%
Mount Magmeow Atop Mount Magmeow
42%
Clawswipe Colosseum Cat Pom Pom's Counterattack
42%
Clawswipe Colosseum Clash With Cat Boom Boom
42%
Crisp Climb Castle Fury Shadow On Ice
42%
Ruins Area Go With The Floe
42%
Fur Step Island Junior's Graffiti Gratitude!
42%
Lakeside Area Lost Kitten By The Shore
42%
Lakeside Area Plessie Medal Collector
42%
Fort Flaptrap Show's Over, Cat Magikoopas
42%
Trickity Tower So Close Yet So Far
42%
Risky Whisker Island Feasting On Fuzzies
33%
Wasteland Area Footprint Free-For-All
33%
Risky Whisker Island Fury Shadow Hops To It
33%
Wasteland Area Gazing Down At Lava
33%
Wasteland Area Gazing Over The Falls
33%
Mount Magmeow Hurry! Steer The Switchboards!
33%
Ruins Area Lake Rabbit Plays Tag
33%
Wasteland Area Lost Kittens In The Wasteland
33%
Wasteland Area On The Floodgate's Edge
33%
Lakeside Area Plessie Medal Catcher
33%
Ruins Area Plessie Medal Mania
33%
Ruins Area Ruins Rabbit Plays Tag
33%
Lakeside Area Shoreside Rabbit Plays Tag
33%
Ruins Area Slippery Skirmish
33%
Wasteland Area Surprise Prizefight
33%
Wasteland Area Wasteland Rabbit Plays Tag
33%
Lakeside Area Climb To The Shine
25%
Ruins Area Cold Cove Combat
25%
Fur Step Island Fury Shadow On Deck
25%
Ruins Area Gazing Down At The Islands
25%
Wasteland Area Hurry! Climb The Falls!
25%
Lakeside Area Hurry! Dash And Dive!
25%
Crisp Climb Castle Hurry! Fly Through The Frost!
25%
Risky Whisker Island Hurry! Hop Behind The Wall!
25%
Roiling Roller Isle Hurry! Hot Cross Run!
25%
Pounce Bounce Isle Hurry! Jump High, Jump Fast!
25%
Wasteland Area Hurry! Slip To The Shine!
25%
Ruins Area Hurry! Swim And Slide!
25%
Wasteland Area Plessie Medal Hunter
25%
Wasteland Area Shining On A Hidden Isle
25%
Wasteland Area Spin, Scramble, Shine
25%
Ruins Area Toad Brigade: Cuddly Castaway
25%
Lakeside Area Toad Brigade: Lost Leader
25%
Ruins Area Toad Brigade: Stuck Under The Slope
25%
Ruins Area Hurry! Slide Through The Sky!
17%
Trickity Tower Hurry! Watch Your Step!
17%
Wasteland Area Jump And Thump In The Clouds
17%
Ruins Area Lost Kitten Near The Ruins
17%
Lakeside Area Pounce And Trounce In The Clouds
17%
Wasteland Area Toad Brigade: Hot Pursuit
17%
Ruins Area Dash And Smash In The Clouds
8%
No matching quizzes found
Score Distribution
Percent of People with Each Score
Percentile by Number Answered
Your Score History
You have not taken this quiz